History Zero/ (Record no. 2312)

MARC details
000 -LEADER
campo de control de longitud fija 00560nam a22001577a 4500
003 - IDENTIFICADOR DE NÚMERO DE CONTROL
campo de control OSt
005 - FECHA Y HORA DE LA ÚLTIMA TRANSACCIÓN
campo de control 20221013190815.0
008 - DATOS DE LONGITUD FIJA--INFORMACIÓN GENERAL
campo de control de longitud fija 221012b |||||||| |||| 00| 0 eng d
040 ## - FUENTE DE CATALOGACIÓN
Centro/agencia transcriptor Biblioteca Lado V
082 ## - NÚMERO DE LA CLASIFICACIÓN DECIMAL DEWEY
Número de clasificación 700.74
Número de ítem T882h
100 ## - ENTRADA PRINCIPAL--NOMBRE DE PERSONA
Nombre de persona Tsivopoulos, Stefanos
Término indicativo de función/relación autor
9 (RLIN) 50
245 ## - MENCIÓN DEL TÍTULO
Título History Zero/
Resto del título 55th International art Exhibition La Bienale di Venezia Grrek Pavilion/
260 ## - PUBLICACIÓN, DISTRIBUCIÓN, ETC.
Nombre del editor, distribuidor, etc. Grecia
Fecha de publicación, distribución, etc. 2013
Lugar de publicación, distribución, etc. Ministry of Education and Religious Affairs, Culture and Sports
300 ## - DESCRIPCIÓN FÍSICA
Extensión 112p.
Dimensiones 17x24cm
942 ## - ELEMENTOS DE ENTRADA SECUNDARIOS (KOHA)
Fuente del sistema de clasificación o colocación Clasificación Decimal Dewey
Tipo de ítem Koha Libros
Parte de la signatura que corresponde a la clasificación (Parte de la clasificación) 700.74
Parte de la signatura que identifica el ejemplar (Parte del ítem) T882h
Suprimir en OPAC No
Holdings
Estatus retirado Estado de pérdida Fuente del sistema de clasificación o colocación Estado de daño No para préstamo Biblioteca de origen Biblioteca actual Fecha de adquisición Número de inventario Total de préstamos Signatura topográfica completa Código de barras Visto por última vez Precio de reemplazo Tipo de ítem Koha
    Clasificación Decimal Dewey     Biblioteca LadoV Biblioteca LadoV 13/10/2022 002042   700.74 T882h 002042 13/10/2022 13/10/2022 Libros